[Event "Junior Online 4NCL Division 5"]
[Site "online"]
[Date "2021.04.15"]
[EventDate "2021.04.15"]
[Round "7.175"]
[White "Marshall, Wilfred"]
[WhiteElo "887"]
[WhiteTeam "Barnet Knights G"]
[Black "Sridharan, Rithvik"]
[BlackElo "1475"]
[BlackTeam "Chess Challengers D"]
[Result "1-0"]
[PlyCount "137"]

1. e4 e5 2. Nf3 Nc6 3. Nc3 Nf6 4. Bc4 h6 5. O-O Bc5 6. Re1 d6 7. d3 Bg4 8. h3 Bh5 9. g4 Bxg4 10. hxg4 Nxg4 11. Ng5 Bxf2+ 12. Kf1 Bxe1 13. Qxg4 Bxc3 14. Nxf7 Rf8 15. Qxg7 Qe7 16. bxc3 b5 17. Bd5 Nd8 18. Bxh6 Nxf7 19. Qxf8+ Qxf8 20. Bxf8 Kxf8 21. Bxa8 Kg7 22. Ke2 Kg6 23. Rg1+ Kf6 24. Bd5 Ng5 25. Rf1+ Kg6 26. d4 exd4 27. cxd4 Kh6 28. Rf6+ Kh5 29. Bf7+ Kg4 30. Be6+ Kh5 31. Kf2 Nxe4+ 32. Ke3 Nxf6 33. Kf4 Kg6 34. Bf5+ Kf7 35. a3 Nd5+ 36. Ke4 Nf6+ 37. Kf4 Nh5+ 38. Kg5 Ng7 39. Bg6+ Kf8 40. Kf6 Ne8+ 41. Ke6 Ng7+ 42. Kd7 c5 43. dxc5 dxc5 44. Bd3 c4 45. Be2 Nf5 46. Kc6 Nd4+ 47. Kc5 Nxe2 48. Kxb5 c3 49. Kc4 Ke7 50. Kd3 Nc1+ 51. Kxc3 Na2+ 52. Kb2 Kd6 53. Kxa2 a5 54. Kb3 Kc5 55. c4 a4+ 56. Kc3 Kc6 57. Kb4 Kb6 58. Kxa4 Kc5 59. Kb3 Kc6 60. a4 Kb6 61. Kb4 Kb7 62. Kb5 Kb8 63. a5 Ka7 64. c5 Kb7 65. c6+ Kb8 66. a6 Ka7 67. c7 Ka8 68. c8=Q+ Ka7 69. Qb7# 1-0

[Event "Junior Online 4NCL Division 5"]
[Site "online"]
[Date "2021.04.15"]
[EventDate "2021.04.15"]
[Round "7.176"]
[White "Karadkar, Aryan"]
[WhiteElo "1390"]
[WhiteTeam "Chess Challengers D"]
[Black "Thompson, Alex"]
[BlackElo "844"]
[BlackTeam "Barnet Knights G"]
[Result "1-0"]
[PlyCount "57"]

1. e4 e5 2. Nf3 Nc6 3. Bc4 Nf6 4. Nc3 d6 5. O-O Bg4 6. h3 Bxf3 7. Qxf3 Nd4 8. Qe3 Nxc2 9. Qd3 Nxa1 10. Qb1 d5 11. exd5 c6 12. dxc6 bxc6 13. Qxa1 e4 14. Re1 Qd4 15. Bb3 Bc5 16. Re2 O-O 17. Bc2 Rfe8 18. b3 Rad8 19. Qb2 h6 20. Na4 g5 21. Nxc5 Qxc5 22. Qxf6 Qxc2 23. Bb2 Qxb2 24. Qxb2 Kf8 25. Qc2 Rd4 26. Qc5+ Rd6 27. Qxd6+ Re7 28. Rxe4 Ke8 29. Qxe7# 1-0

[Event "Junior Online 4NCL Division 5"]
[Site "online"]
[Date "2021.04.15"]
[EventDate "2021.04.15"]
[Round "7.177"]
[White "Finlay Fox, George"]
[WhiteElo "800"]
[WhiteTeam "Barnet Knights G"]
[Black "Singh, Nihal"]
[BlackElo "1450"]
[BlackTeam "Chess Challengers D"]
[Result "0-1"]
[PlyCount "36"]

1. e4 e5 2. Bc4 Bc5 3. Qh5 Qf6 4. Nf3 Nc6 5. O-O d6 6. d3 h6 7. Nc3 a6 8. Nd5 Qg6 9. Qh4 Be6 10. Nf4 Qf6 11. Qg3 Bxc4 12. dxc4 O-O-O 13. Qh3+ Kb8 14. Ng5 Qxf4 15. Qb3 Qf6 16. Qc3 hxg5 17. b4 Qh6 18. bxc5 Qxh2# 0-1

[Event "Junior Online 4NCL Division 5"]
[Site "online"]
[Date "2021.04.15"]
[EventDate "2021.04.15"]
[Round "7.178"]
[White "Patel, Aashna"]
[WhiteElo "1460"]
[WhiteTeam "Chess Challengers D"]
[Black "Greenberg, Sam"]
[BlackElo "600"]
[BlackTeam "Barnet Knights G"]
[Result "1-0"]
[PlyCount "45"]

1. e4 e5 2. Nf3 Nc6 3. Bc4 Nf6 4. Nc3 a6 5. d3 b5 6. Bb3 Bc5 7. Bg5 Nd4 8. Nd5 Nxf3+ 9. Qxf3 Be7 10. Nxe7 Qxe7 11. O-O O-O 12. Qg3 d6 13. Bd5 h6 14. Bxa8 hxg5 15. Qxg5 Nxe4 16. Qxe7 Nd2 17. Rfd1 Bb7 18. Bxb7 Nc4 19. dxc4 bxc4 20. Bxa6 c5 21. Qxd6 Kh8 22. Qxf8+ Kh7 23. Bxc4 1-0

[Event "Junior Online 4NCL Division 5"]
[Site "online"]
[Date "2021.04.15"]
[EventDate "2021.04.15"]
[Round "7.181"]
[White "Ali, Zaki"]
[WhiteElo "1189"]
[WhiteTeam "Wanstead Warriors 3"]
[Black "Arora, Bukkan"]
[BlackElo "1000"]
[BlackTeam "Surrey Kings 3"]
[Result "1-0"]
[PlyCount "33"]

1. e4 e5 2. Nf3 Nc6 3. Bc4 Bc5 4. c3 d6 5. d4 exd4 6. cxd4 Bb6 7. a4 Bg4 8. h3 Bxf3 9. Qxf3 Nf6 10. d5 Ne5 11. Qb3 Qe7 12. Bb5+ c6 13. dxc6 bxc6 14. Bc4 Nxc4 15. Qxc4 Nxe4 16. Qxc6+ Qd7 17. Qxa8+ 1-0

[Event "Junior Online 4NCL Division 5"]
[Site "online"]
[Date "2021.04.15"]
[EventDate "2021.04.15"]
[Round "7.182"]
[White "Flanders, William"]
[WhiteElo "907"]
[WhiteTeam "Surrey Kings 3"]
[Black "Quin, Wilder"]
[BlackElo "1100"]
[BlackTeam "Wanstead Warriors 3"]
[Result "0-1"]
[PlyCount "90"]

1. e4 e6 2. g3 d5 3. exd5 exd5 4. Bg2 Nf6 5. d4 Nc6 6. Ne2 Bg4 7. c3 Qd7 8. h3 Bxe2 9. Qxe2+ Qe7 10. Be3 g6 11. O-O Ne4 12. Nd2 Bg7 13. Bf4 Nxd2 14. Qxd2 O-O 15. Bxd5 Rfe8 16. Rae1 Qd7 17. Bg2 Rac8 18. d5 Na5 19. c4 Nxc4 20. Rxe8+ Rxe8 21. Qc1 Nxb2 22. Bxc7 Rc8 23. Qd2 Nc4 24. Qd1 Qxc7 25. Qd3 Nb2 26. Qa3 Qc3 27. d6 Qxa3 28. d7 Rd8 29. Rc1 Rxd7 30. Rc8+ Bf8 31. Rb8 Rd1+ 32. Kh2 Qxa2 33. Bxb7 Qa1 34. Ra8 Rh1+ 35. Bxh1 Nd3 36. Be4 Nxf2 37. Bf3 Kg7 38. Kg2 Qa2 39. h4 h6 40. Rd8 Bc5 41. Bd5 Qe2 42. Rd7 Ne4+ 43. Kh3 Qf1+ 44. Kh2 Bg1+ 45. Kh1 Nxg3# 0-1

[Event "Junior Online 4NCL Division 5"]
[Site "online"]
[Date "2021.04.15"]
[EventDate "2021.04.15"]
[Round "7.183"]
[White "Fearn, Elliot"]
[WhiteElo "1100"]
[WhiteTeam "Wanstead Warriors 3"]
[Black "Salguero, Santiago"]
[BlackElo "927"]
[BlackTeam "Surrey Kings 3"]
[Result "1-0"]
[PlyCount "75"]

1. e4 e5 2. Nc3 Nf6 3. Nf3 Nc6 4. Bc4 Bc5 5. d3 d6 6. O-O Bg4 7. Bg5 h6 8. Bxf6 Qxf6 9. Nd5 Qd8 10. c3 b5 11. Bxb5 a6 12. Bxc6+ Bd7 13. Bxa8 Qxa8 14. Nxc7+ Ke7 15. Nxa8 Rxa8 16. d4 exd4 17. cxd4 Bb4 18. e5 Bb5 19. exd6+ Bxd6 20. Re1+ Kf8 21. Qe2 Re8 22. Qxe8+ Bxe8 23. Rac1 Bb4 24. Re4 Bc6 25. Rxc6 Kg8 26. Rxa6 f5 27. Re7 Bxe7 28. Ne5 Bd6 29. Rxd6 f4 30. Rd8+ Kh7 31. d5 f3 32. d6 fxg2 33. Re8 g5 34. Re7+ Kg8 35. d7 Kf8 36. Re8+ Kg7 37. d8=Q Kh7 38. Qd7# 1-0

[Event "Junior Online 4NCL Division 5"]
[Site "online"]
[Date "2021.04.15"]
[EventDate "2021.04.15"]
[Round "7.184"]
[White "Carter, Olvier"]
[WhiteElo "935"]
[WhiteTeam "Surrey Kings 3"]
[Black "Byczko, Samuel"]
[BlackElo "1075"]
[BlackTeam "Wanstead Warriors 3"]
[Result "0-1"]
[PlyCount "104"]

1. e4 e5 2. Nf3 Nc6 3. Bc4 h6 4. d3 Bc5 5. a3 d6 6. Nc3 Nf6 7. Nh4 Bg4 8. f3 Be6 9. Bxe6 fxe6 10. Ng6 Rg8 11. Qe2 d5 12. exd5 exd5 13. Be3 Bxe3 14. Qxe3 d4 15. Qxe5+ Nxe5 16. Nxe5 Qd6 17. O-O Qxe5 18. Rfe1 Qxe1+ 19. Rxe1+ Kd8 20. Nb5 c6 21. Nd6 Kc7 22. Nf5 Rge8 23. Ne7 Nd5 24. Nxd5+ cxd5 25. Rxe8 Rxe8 26. c3 dxc3 27. bxc3 b5 28. Kf2 Re5 29. f4 Rh5 30. g4 Rxh2+ 31. Kg3 Rc2 32. c4 bxc4 33. dxc4 Rxc4 34. f5 d4 35. Kf3 d3 36. Ke3 Rxg4 37. Kxd3 g5 38. f6 Rf4 39. a4 Rxf6 40. Kc4 Rf4+ 41. Kb5 h5 42. a5 Kd7 43. a6 Rf6 44. Kc5 Rxa6 45. Kd4 g4 46. Ke3 h4 47. Kf2 g3+ 48. Kg2 Ra2+ 49. Kh3 g2 50. Kh2 a5 51. Kh3 Rc2 52. Kxh4 g1=Q 0-1

[Event "Junior Online 4NCL Division 5"]
[Site "online"]
[Date "2021.04.15"]
[EventDate "2021.04.15"]
[Round "7.185"]
[White "Arora, Bukkan"]
[WhiteElo "1000"]
[WhiteTeam "Surrey Kings 3"]
[Black "Ali, Zaki"]
[BlackElo "1189"]
[BlackTeam "Wanstead Warriors 3"]
[Result "0-1"]
[PlyCount "42"]

1. d4 c6 2. e4 d5 3. exd5 cxd5 4. Nf3 Nf6 5. Bd3 Bg4 6. Nc3 Nc6 7. Bb5 Qb6 8. Bxc6+ Qxc6 9. O-O Ne4 10. Ne2 Bxf3 11. gxf3 Qg6+ 12. Kh1 Ng5 13. Bxg5 Qxg5 14. Rg1 Qf5 15. Ng3 Qf6 16. Kg2 h5 17. Kf1 h4 18. Ne2 Qxf3 19. Ke1 e6 20. Qd3 Bb4+ 21. c3 Qxd3 0-1

[Event "Junior Online 4NCL Division 5"]
[Site "online"]
[Date "2021.04.15"]
[EventDate "2021.04.15"]
[Round "7.186"]
[White "Quin, Wilder"]
[WhiteElo "1100"]
[WhiteTeam "Wanstead Warriors 3"]
[Black "Flanders, William"]
[BlackElo "907"]
[BlackTeam "Surrey Kings 3"]
[Result "1-0"]
[PlyCount "73"]

1. e4 e5 2. Nc3 Nf6 3. f4 Nc6 4. Nf3 exf4 5. e5 Ng4 6. d4 d6 7. Bxf4 dxe5 8. Nxe5 Ncxe5 9. Bxe5 c5 10. dxc5 Bxc5 11. Qxd8+ Kxd8 12. O-O-O+ Bd7 13. Bxg7 Re8 14. Bf6+ Nxf6 15. Bc4 Be3+ 16. Kb1 Ng4 17. Rde1 Bd2 18. Rxe8+ Bxe8 19. Ne4 a6 20. Nxd2 Kc8 21. Ne4 Kb8 22. Ng5 Nf2 23. Rf1 Ng4 24. Nxh7 Ka7 25. Bxf7 Bb5 26. Rd1 Be2 27. Re1 Rf8 28. Nxf8 Bb5 29. h3 Nf2 30. Ne6 Kb6 31. Nd4 Bd3 32. cxd3 Nxd3 33. Re3 Nf4 34. h4 Nxg2 35. Rh3 Nf4 36. Rf3 Ne2 37. Nxe2 1-0

[Event "Junior Online 4NCL Division 5"]
[Site "online"]
[Date "2021.04.15"]
[EventDate "2021.04.15"]
[Round "7.187"]
[White "Salguero, Santiago"]
[WhiteElo "927"]
[WhiteTeam "Surrey Kings 3"]
[Black "Fearn, Elliot"]
[BlackElo "1100"]
[BlackTeam "Wanstead Warriors 3"]
[Result "0-1"]
[PlyCount "38"]

1. e4 e6 2. d4 d5 3. Nf3 Nf6 4. Nc3 c5 5. Bf4 cxd4 6. Nxd4 Qa5 7. Nb3 Qb4 8. a3 Qe7 9. Qe2 e5 10. Qb5+ Nc6 11. exd5 exf4+ 12. Be2 Ng4 13. d6 Qh4 14. d7+ Bxd7 15. Qxb7 Qxf2+ 16. Kd1 Rd8 17. Ne4 Bf5+ 18. Nbd2 Bxe4 19. Bxg4 Qxd2# 0-1

[Event "Junior Online 4NCL Division 5"]
[Site "online"]
[Date "2021.04.15"]
[EventDate "2021.04.15"]
[Round "7.188"]
[White "Byczko, Samuel"]
[WhiteElo "1075"]
[WhiteTeam "Wanstead Warriors 3"]
[Black "Carter, Olvier"]
[BlackElo "935"]
[BlackTeam "Surrey Kings 3"]
[Result "0-1"]
[PlyCount "58"]

1. d4 b6 2. Bf4 Nc6 3. e3 Bb7 4. Nf3 f6 5. Nc3 d6 6. Nd5 e6 7. Nc3 e5 8. dxe5 fxe5 9. Bg5 Be7 10. Bxe7 Qxe7 11. Bb5 Nf6 12. g4 Nxg4 13. Qd5 Nf6 14. Qc4 O-O-O 15. Bxc6 Bxc6 16. Qxc6 Kb8 17. Nb5 Rc8 18. Qc4 Nd7 19. Qa4 Kb7 20. Nxa7 Ra8 21. Qc6+ Kxa7 22. Rg1 Rhg8 23. b4 Nb8 24. Rb1 Nxc6 25. b5 Na5 26. Ng5 h6 27. Nh7 Raf8 28. Nxf8 Qxf8 29. Rg4 Qf5 0-1

[Event "Junior Online 4NCL Division 5"]
[Site "online"]
[Date "2021.04.15"]
[EventDate "2021.04.15"]
[Round "7.191"]
[White "Bade, Susmita"]
[WhiteElo "1135"]
[WhiteTeam "Maidenhead Juniors 4"]
[Black "O'Donnell, Donal"]
[BlackElo "700"]
[BlackTeam "St. Laurence's BNS 2"]
[Result "1/2-1/2"]
[PlyCount "75"]

1. e4 e5 2. Nf3 Nc6 3. Bc4 Nf6 4. d3 g6 5. Ng5 d5 6. exd5 Na5 7. O-O Nxc4 8. dxc4 Bg7 9. Nc3 O-O 10. Be3 Bg4 11. Qd2 b6 12. c5 bxc5 13. Bxc5 a6 14. Bxf8 Bxf8 15. h3 Bf5 16. Rfe1 e4 17. Qf4 Rb8 18. Ncxe4 Bxe4 19. Nxe4 Nxe4 20. Qxe4 Rxb2 21. Reb1 Rxb1+ 22. Rxb1 a5 23. Qe3 Qxd5 24. Qa7 Qxa2 25. Rc1 Qb2 26. Re1 Qc3 27. Re8 Qxc2 28. Qxa5 Qd1+ 29. Kh2 Kg7 30. Qxc7 h6 31. Qe5+ Kg8 32. Qf6 Qc1 33. Rd8 Qc7+ 34. g3 Qc1 35. Rb8 Qc7 36. Rd8 Qc1 37. Ra8 Qc7 38. Rd8 1/2-1/2

[Event "Junior Online 4NCL Division 5"]
[Site "online"]
[Date "2021.04.15"]
[EventDate "2021.04.15"]
[Round "7.192"]
[White "Tully, Daragh"]
[WhiteElo "700"]
[WhiteTeam "St. Laurence's BNS 2"]
[Black "Anchan, Anirudh"]
[BlackElo "1086"]
[BlackTeam "Maidenhead Juniors 4"]
[Result "0-1"]
[PlyCount "64"]

1. e4 e5 2. Nf3 Nc6 3. Nc3 Nf6 4. Bc4 Bc5 5. O-O O-O 6. d3 h6 7. Nh4 d6 8. Nf5 Bxf5 9. Qf3 Bg4 10. Qg3 Nd4 11. Be3 Nxc2 12. Rac1 Nd4 13. h3 Be2 14. Rfe1 Bh5 15. Bxh6 Bg6 16. h4 gxh6 17. h5 d5 18. hxg6 fxg6 19. Qxg6+ Kh8 20. Qxh6+ Kg8 21. Re3 Kf7 22. Bxd5+ Ne6 23. Bxb7 Bxe3 24. Bxa8 Bxh6 25. Nb5 Bxc1 26. Bc6 Nd4 27. Nxd4 exd4 28. Ba4 Rh8 29. Bd1 Qd6 30. Bf3 Qb4 31. g3 Qe1+ 32. Kg2 Qh1# 0-1

[Event "Junior Online 4NCL Division 5"]
[Site "online"]
[Date "2021.04.15"]
[EventDate "2021.04.15"]
[Round "7.193"]
[White "Avezbakiev, Tom"]
[WhiteElo "1068"]
[WhiteTeam "Maidenhead Juniors 4"]
[Black "Savage, Harry"]
[BlackElo "700"]
[BlackTeam "St. Laurence's BNS 2"]
[Result "1-0"]
[PlyCount "47"]

1. e4 e5 2. Nf3 Nc6 3. Bc4 Nf6 4. d3 h6 5. Nc3 Nd4 6. Nxe5 d6 7. Nxf7 Qd7 8. Nxh8 Be7 9. Be3 Bd8 10. Bxd4 Ng4 11. Qd2 Qe7 12. O-O-O Qf8 13. Ng6 Qe7 14. Nxe7 Bxe7 15. Kb1 Bg5 16. Be3 Bxe3 17. fxe3 Bd7 18. h3 O-O-O 19. hxg4 Bxg4 20. Rc1 Bd7 21. Qf2 Be8 22. Qh4 Bh5 23. Be6+ Kb8 24. Qxd8# 1-0

[Event "Junior Online 4NCL Division 5"]
[Site "online"]
[Date "2021.04.15"]
[EventDate "2021.04.15"]
[Round "7.194"]
[White "Rothl, Matthew"]
[WhiteElo "700"]
[WhiteTeam "St. Laurence's BNS 2"]
[Black "Sridhar, Siddarth Iyer"]
[BlackElo "1057"]
[BlackTeam "Maidenhead Juniors 4"]
[Result "0-1"]
[PlyCount "76"]

1. e4 e5 2. Nf3 Nc6 3. Nc3 Nf6 4. Bb5 a6 5. Bxc6 dxc6 6. Nxe5 Bd6 7. Nf3 Bb4 8. O-O Bxc3 9. bxc3 Nxe4 10. d3 Nxc3 11. Qd2 Nb5 12. Qe1+ Be6 13. Bg5 Qd5 14. c4 Qxd3 15. cxb5 cxb5 16. Rd1 Qg6 17. Qb4 f6 18. Qd2 fxg5 19. Nxg5 O-O 20. Nxe6 Qxe6 21. Rfe1 Qf7 22. Qd3 Qxf2+ 23. Kh1 Qxa2 24. Rd2 Qf7 25. Kg1 Rad8 26. Rf1 Rxd3 27. Rxf7 Rxf7 28. Rxd3 c5 29. Rd1 c4 30. Rd8+ Rf8 31. Rd1 c3 32. Rc1 b4 33. Rf1 c2 34. Rc1 b3 35. Re1 b2 36. Kh1 c1=Q 37. Rg1 Qxg1+ 38. Kxg1 b1=Q# 0-1

[Event "Junior Online 4NCL Division 5"]
[Site "online"]
[Date "2021.04.15"]
[EventDate "2021.04.15"]
[Round "7.195"]
[White "O'Donnell, Donal"]
[WhiteElo "700"]
[WhiteTeam "St. Laurence's BNS 2"]
[Black "Bade, Susmita"]
[BlackElo "1135"]
[BlackTeam "Maidenhead Juniors 4"]
[Result "0-1"]
[PlyCount "58"]

1. e4 c5 2. Nf3 e6 3. Nc3 Qb6 4. g3 Nf6 5. Bg2 d5 6. exd5 exd5 7. Qe2+ Be7 8. O-O d4 9. Nd1 Nc6 10. b4 cxb4 11. c3 dxc3 12. dxc3 bxc3 13. Nxc3 O-O 14. Ng5 Bg4 15. Qe3 Qa5 16. Nd5 Nxd5 17. Bxd5 Qxd5 18. Ne4 Nb4 19. Nc3 Qd6 20. Nb5 Qc6 21. Na3 Nd5 22. Qe1 Nb4 23. Rb1 Nd5 24. Rb5 Nc3 25. Qxe7 Nxb5 26. Nxb5 Qxb5 27. Bf4 Rfe8 28. Qd6 Bh3 29. Rd1 Red8 0-1

[Event "Junior Online 4NCL Division 5"]
[Site "online"]
[Date "2021.04.15"]
[EventDate "2021.04.15"]
[Round "7.196"]
[White "Anchan, Anirudh"]
[WhiteElo "1086"]
[WhiteTeam "Maidenhead Juniors 4"]
[Black "Tully, Daragh"]
[BlackElo "700"]
[BlackTeam "St. Laurence's BNS 2"]
[Result "1-0"]
[PlyCount "29"]

1. e4 e5 2. Nf3 Nc6 3. Bc4 Nf6 4. Nc3 Bc5 5. O-O O-O 6. h3 h6 7. a3 d6 8. b4 Bb6 9. Nd5 Nxd5 10. Bxd5 Qf6 11. Bxc6 bxc6 12. d3 Qg6 13. Nh4 Bxh3 14. Nxg6 fxg6 15. gxh3 1-0

[Event "Junior Online 4NCL Division 5"]
[Site "online"]
[Date "2021.04.15"]
[EventDate "2021.04.15"]
[Round "7.198"]
[White "Sridhar, Siddarth Iyer"]
[WhiteElo "1057"]
[WhiteTeam "Maidenhead Juniors 4"]
[Black "Rothl, Matthew"]
[BlackElo "700"]
[BlackTeam "St. Laurence's BNS 2"]
[Result "1-0"]
[PlyCount "71"]

1. e4 e5 2. Nf3 Nc6 3. Bc4 Nf6 4. Ng5 Qe7 5. Bxf7+ Kd8 6. Bc4 Nxe4 7. Nf7+ Ke8 8. Nxh8 Qf6 9. O-O d6 10. Qh5+ g6 11. Qxh7 Ng5 12. Qxg6+ Qxg6 13. Nxg6 Nd4 14. Bd3 e4 15. c3 exd3 16. cxd4 Ne4 17. Nc3 Nxc3 18. dxc3 Bf5 19. Re1+ Kd8 20. Bg5+ Be7 21. Nxe7 Kd7 22. Nxf5 Re8 23. Rxe8 Kxe8 24. Re1+ Kd7 25. Rd1 d2 26. Rxd2 d5 27. Re2 Kc6 28. h4 Kb6 29. h5 Kc6 30. h6 Kb6 31. h7 Kc6 32. h8=Q Kb6 33. Re6+ Kb5 34. Qf8 Ka4 35. Qa3+ Kb5 36. Qb4# 1-0

[Event "Junior Online 4NCL Division 5"]
[Site "online"]
[Date "2021.04.15"]
[EventDate "2021.04.15"]
[Round "7.201"]
[White "Harb, Laith A"]
[WhiteElo "1256"]
[WhiteTeam "JHJ Shark Tank 8"]
[Black "Hara, Narita"]
[BlackElo "1182"]
[BlackTeam "Leeds Juniors 3"]
[Result "1-0"]
[PlyCount "48"]

1. d4 d5 2. c4 c6 3. Nc3 Nf6 4. Bg5 Bf5 5. Nf3 h6 6. Bh4 g5 7. Bg3 e6 8. e3 Bg7 9. cxd5 exd5 10. Bd3 Ne4 11. Bxe4 dxe4 12. Nd2 Qe7 13. O-O O-O 14. Nc4 Nd7 15. Bd6 Qe6 16. Bxf8 Rxf8 17. Nd2 Bg4 18. Qc2 f5 19. Qb3 Qxb3 20. axb3 a6 21. Ra3 f4 22. Ncxe4 fxe3 23. fxe3 Re8 24. h3 Bf5 1-0

[Event "Junior Online 4NCL Division 5"]
[Site "online"]
[Date "2021.04.15"]
[EventDate "2021.04.15"]
[Round "7.202"]
[White "Birolo, Enzo Bez"]
[WhiteElo "987"]
[WhiteTeam "Leeds Juniors 3"]
[Black "Stacey, Edward"]
[BlackElo "1255"]
[BlackTeam "JHJ Shark Tank 8"]
[Result "1-0"]
[PlyCount "119"]

1. Nf3 d5 2. d4 Nc6 3. Bf4 Bf5 4. e3 e6 5. Bd3 Bd6 6. Bxf5 exf5 7. Bxd6 Qxd6 8. c3 Nf6 9. Nh4 g6 10. O-O Ng4 11. g3 Ne7 12. Na3 c6 13. c4 g5 14. Nxf5 Nxf5 15. Qxg4 Qf6 16. cxd5 cxd5 17. Nb5 Qb6 18. Qxf5 Qxb5 19. Qe5+ Kd7 20. b3 h6 21. Qf5+ Ke7 22. Rac1 Qd7 23. Qxd7+ Kxd7 24. f4 Rhe8 25. Rc3 Rac8 26. Rxc8 Rxc8 27. fxg5 Ke7 28. gxh6 Rh8 29. Rf5 Rxh6 30. Rxd5 Re6 31. Re5 Rxe5 32. dxe5 Ke6 33. h4 Kxe5 34. g4 Kf6 35. h5 Kg5 36. e4 Kh6 37. e5 b6 38. b4 a5 39. bxa5 bxa5 40. a4 Kg5 41. Kg2 Kh6 42. Kf2 Kg5 43. Ke3 Kh6 44. Kd4 Kg5 45. Kc5 f6 46. exf6 Kxf6 47. Kb5 Kg5 48. Kxa5 Kf6 49. Kb5 Kg5 50. a5 Kf6 51. a6 Kg5 52. a7 Kxg4 53. h6 Kg5 54. h7 Kg6 55. h8=Q Kf5 56. a8=Q Kg4 57. Qhf8 Kh3 58. Qg8 Kh2 59. Qa1 Kh3 60. Qah8# 1-0

[Event "Junior Online 4NCL Division 5"]
[Site "online"]
[Date "2021.04.15"]
[EventDate "2021.04.15"]
[Round "7.203"]
[White "Han, Qixiang"]
[WhiteElo "1023"]
[WhiteTeam "JHJ Shark Tank 8"]
[Black "RoyChowdhury, Aashita"]
[BlackElo "950"]
[BlackTeam "Leeds Juniors 3"]
[Result "1-0"]
[PlyCount "119"]

1. e4 e5 2. Nf3 Nc6 3. Bc4 Nf6 4. Ng5 d5 5. exd5 Nxd5 6. Nxf7 Kxf7 7. Qf3+ Ke8 8. Qxd5 Qxd5 9. Bxd5 Bd7 10. Nc3 Be7 11. d3 Rf8 12. Be3 Nb4 13. Kd2 Bc6 14. Bxc6+ Nxc6 15. Nd5 Rc8 16. Rhf1 Bd6 17. Rae1 Nb4 18. Nxb4 Bxb4+ 19. c3 Bd6 20. f4 exf4 21. Bxf4+ Kd7 22. Bxd6 Rxf1 23. Rxf1 cxd6 24. Rf7+ Kc6 25. Rxg7 Rh8 26. Ke3 Re8+ 27. Kd2 Rh8 28. Kc2 h5 29. h4 Rf8 30. Rh7 Rf5 31. Kb3 Rb5+ 32. Kc2 a5 33. c4 Rf5 34. Kc3 b5 35. b3 b4+ 36. Kb2 d5 37. cxd5+ Rxd5 38. Kc2 Kb5 39. Rb7+ Ka6 40. Rg7 Rf5 41. Rg5 Rf2+ 42. Kb1 Re2 43. Rxh5 Rxg2 44. Rg5 Rh2 45. h5 Rh1+ 46. Kc2 Rh2+ 47. Kd1 Rxa2 48. h6 Ra1+ 49. Ke2 Rh1 50. Rg6+ Kb5 51. d4 a4 52. bxa4+ Kxa4 53. d5 Rh2+ 54. Kd3 Rh3+ 55. Kc4 b3 56. Rb6 Ka3 57. d6 Rh4+ 58. Kc3 Rh3+ 59. Kc4 b2 60. Ra6# 1-0

[Event "Junior Online 4NCL Division 5"]
[Site "online"]
[Date "2021.04.15"]
[EventDate "2021.04.15"]
[Round "7.205"]
[White "Hara, Narita"]
[WhiteElo "1182"]
[WhiteTeam "Leeds Juniors 3"]
[Black "Harb, Laith A"]
[BlackElo "1256"]
[BlackTeam "JHJ Shark Tank 8"]
[Result "1-0"]
[PlyCount "59"]

1. d4 d5 2. Nf3 e6 3. e3 Nf6 4. c3 Be7 5. Bd3 O-O 6. Nbd2 Nbd7 7. b3 b6 8. Bb2 Bb7 9. Qc2 c5 10. h4 Rc8 11. O-O-O cxd4 12. exd4 Re8 13. Kb1 Bb4 14. Nf1 Rf8 15. Qd2 Be7 16. Rc1 Ne4 17. Bxe4 dxe4 18. Ng5 h6 19. Nh3 Bxh4 20. Nf4 Bg5 21. g3 e3 22. Nxe3 Bxh1 23. Rxh1 Bxf4 24. gxf4 Nf6 25. f5 exf5 26. Nxf5 Ng4 27. f3 Nf6 28. Nxh6+ gxh6 29. Qxh6 Re8 30. Qh8# 1-0

[Event "Junior Online 4NCL Division 5"]
[Site "online"]
[Date "2021.04.15"]
[EventDate "2021.04.15"]
[Round "7.206"]
[White "Stacey, Edward"]
[WhiteElo "1255"]
[WhiteTeam "JHJ Shark Tank 8"]
[Black "Birolo, Enzo Bez"]
[BlackElo "987"]
[BlackTeam "Leeds Juniors 3"]
[Result "1-0"]
[PlyCount "135"]

1. e4 c6 2. d4 d5 3. e5 Bf5 4. Bd3 Bxd3 5. Qxd3 e6 6. Nf3 Be7 7. Nc3 Nd7 8. Be3 Nb6 9. b3 Ba3 10. Bc1 Bxc1 11. Rxc1 Ne7 12. a4 Ng6 13. g3 Qe7 14. Ra1 O-O 15. a5 Nd7 16. Na4 a6 17. Qc3 Rab8 18. Nb6 Nxb6 19. axb6 Qd8 20. Qc5 f6 21. c4 fxe5 22. Nxe5 Nxe5 23. dxe5 Qg5 24. f4 Qf5 25. Kd2 Qe4 26. Qe3 Qxe3+ 27. Kxe3 g6 28. cxd5 exd5 29. Rhe1 Rbe8 30. Kd4 h6 31. Re2 g5 32. Rf1 gxf4 33. Rxf4 Rxf4+ 34. gxf4 Rf8 35. Rf2 Kg7 36. Kc5 Kf7 37. Kd6 Kg6 38. Kc7 Rf7+ 39. Kd6 h5 40. e6 Rh7 41. f5+ Kf6 42. h4 Rg7 43. Re2 Re7 44. Rg2 Rh7 45. Rg6+ Kxf5 46. Rg8 Kf6 47. Rf8+ Kg6 48. e7 Rxe7 49. Kxe7 Kg7 50. Rf7+ Kg6 51. Ke6 Kh6 52. Rxb7 d4 53. Rd7 c5 54. Ke5 a5 55. b7 c4 56. bxc4 a4 57. Rxd4 a3 58. Rd2 Kg6 59. Ra2 Kf7 60. Rxa3 Ke7 61. b8=Q Kd7 62. Qd6+ Kc8 63. Ra8+ Kb7 64. Qb8+ Kc6 65. Qb5+ Kc7 66. Ra7+ Kd8 67. Qd5+ Kc8 68. Qg8# 1-0

[Event "Junior Online 4NCL Division 5"]
[Site "online"]
[Date "2021.04.15"]
[EventDate "2021.04.15"]
[Round "7.207"]
[White "RoyChowdhury, Aashita"]
[WhiteElo "950"]
[WhiteTeam "Leeds Juniors 3"]
[Black "Han, Qixiang"]
[BlackElo "1023"]
[BlackTeam "JHJ Shark Tank 8"]
[Result "0-1"]
[PlyCount "54"]

1. e4 e5 2. Nf3 Nc6 3. Nc3 Nf6 4. Bc4 Nxe4 5. Nxe4 d5 6. Bd3 dxe4 7. Bxe4 Bg4 8. d3 Bc5 9. Be3 Bxe3 10. fxe3 f5 11. Bxc6+ bxc6 12. h3 Bh5 13. Qd2 Qf6 14. Qc3 Bxf3 15. gxf3 Rb8 16. d4 exd4 17. exd4 Qe6+ 18. Kd1 Kd7 19. Re1 Qh6 20. Rh1 Rhe8 21. Qd3 g6 22. d5 cxd5 23. Qxd5+ Kc8 24. Qc4 Rd8+ 25. Ke2 Rd2+ 26. Kf1 Qe3 27. Re1 Qf2# 0-1

[Event "Junior Online 4NCL Division 5"]
[Site "online"]
[Date "2021.04.15"]
[EventDate "2021.04.15"]
[Round "7.211"]
[White "Varea, Benjamin"]
[WhiteElo "1278"]
[WhiteTeam "Dragon Kings 1"]
[Black "Saunders, Oliver"]
[BlackElo "1104"]
[BlackTeam "Barnet Knights F"]
[Result "1-0"]
[PlyCount "54"]

1. e4 e5 2. Nf3 Nc6 3. Nc3 Nf6 4. Bc4 Bc5 5. d3 d6 6. Ng5 O-O 7. Bxf7+ Rxf7 8. Nxf7 Kxf7 9. O-O Bg4 10. Qe1 Bh5 11. Be3 Ng4 12. Bxc5 dxc5 13. f4 exf4 14. Rxf4+ Kg8 15. h3 Nf6 16. Qh4 Nd4 17. Rf2 Qe7 18. Raf1 Rf8 19. Rf5 Bg6 20. R5f2 a6 21. Rd2 c6 22. Ne2 Nxe2+ 23. Rxe2 c4 24. e5 cxd3 25. cxd3 Bxd3 26. exf6 Rxf6 27. Rxe7 Rxf1+  1-0

[Event "Junior Online 4NCL Division 5"]
[Site "online"]
[Date "2021.04.15"]
[EventDate "2021.04.15"]
[Round "7.213"]
[White "Varea, Gabriel"]
[WhiteElo "955"]
[WhiteTeam "Dragon Kings 1"]
[Black "Morin, Julian"]
[BlackElo "938"]
[BlackTeam "Barnet Knights F"]
[Result "0-1"]
[PlyCount "108"]

1. e4 e5 2. Nf3 Nc6 3. Bb5 a6 4. Bxc6 dxc6 5. d3 Bd6 6. Be3 Nf6 7. Nbd2 Bg4 8. O-O O-O 9. h3 Bh5 10. Bg5 h6 11. Bxf6 Qxf6 12. Qe2 Rfe8 13. a3 Rad8 14. Rae1 Qf4 15. g3 Bxf3 16. Nxf3 Qf6 17. Kg2 Qe6 18. Rh1 Qg6 19. Nh4 Qf6 20. Nf5 Re6 21. Nxd6 Rdxd6 22. f3 Qg6 23. h4 Rd4 24. c3 Rd7 25. Qe3 Red6 26. Rd1 Qe6 27. d4 exd4 28. cxd4 Qc4 29. d5 cxd5 30. exd5 Rxd5 31. Rxd5 Qxd5 32. b4 Qd2+ 33. Qxd2 Rxd2+ 34. Kh3 Ra2 35. Rc1 c6 36. Rc3 Kh7 37. Kg4 Kg6 38. h5+ Kf6 39. Kf4 g5+ 40. Kg4 Ke5 41. Rb3 f5+ 42. Kh3 Kd4 43. g4 f4 44. Rb1 Rxa3 45. Kg2 b5 46. Re1 c5 47. bxc5 Kxc5 48. Re6 b4 49. Rxh6 b3 50. Rc6+ Kxc6 51. h6 b2 52. h7 b1=Q 53. h8=Q Qc2+ 54. Kh3 Rxf3# 0-1